| 000 | 01596cam a22002174a 4500 | ||
|---|---|---|---|
| 005 | 20250605164231.0 | ||
| 008 | 250528s ||||||||||||||||||||||||d | ||
| 035 | _a20965 | ||
| 020 | _a9780335242351 | ||
| 040 |
_aGR-AtMCL _bgre _dGR-AtMCL _eAACR2 |
||
| 245 | 1 | _aDeveloping Reflective Practice in the Early Years / Second Edition | |
| 250 | _a2nd | ||
| 260 |
_bMcgraw Hill, _c2011 |
||
| 300 | _a180 | ||
| 520 | _aThis book is essential reading for all early years practitioners working in early years settings for children from birth to 8 years, including nurseries, children's centres and schools. What Does Being a Reflective Early Years Practitioner Involve, What Does it Mean to Reflect our Practice?, Developing Reflective Practice, Exploring Leadership: Roles and Responsibilities of the Early Years Professional, How Does Reflective Practice Inform Working with Children, Children's Social and Emotional Development, What's Your Attitude? Inclusion and Early Years Settings, Creativity and Early Years Settings, Listening to Yong Children: Multiple Voices and Meanings and Understandings, Leading-Edge Practice: a Community of Reflective Professionals, Multi-Agency Working: Rhetoric or Reality?, Reflective Family-Centered Practices: Parents' Perspectives and Early Intervention, Professional Development and Reflective Practice, Reflection and Developing a Community of Practice, Postscript: Democratic Reflective Practice in the Early Years, Index. | ||
| 700 | 1 |
_aCraft Anna _96958 |
|
| 700 | 1 |
_aPaige-Smith Alice _96959 |
|
| 942 | _cBK | ||
| 999 |
_c6042 _d6042 |
||